Gemeinschaft und Verehrung der Heiligen: geschichtlich-systematische Grundlegung der Hagiologie

Saved in:  
Bibliographic Details
Main Author: Müller, Gerhard Ludwig 1947- (Author)
Format: Print Book
Language:German
Subito Delivery Service: Order now.
Check availability: HBZ Gateway
WorldCat: WorldCat
Interlibrary Loan:Interlibrary Loan for the Fachinformationsdienste (Specialized Information Services in Germany)
Published: Freiburg im Breisgau Basel Wien Herder 1986
In:Year: 1986
Reviews:Müller, Gerhard Ludwig, Gemeinschaft und Verehrung der Heiligen (1987) (Beintker, Horst, 1918 - 2012)
Müller, Gerhard Ludwig, Gemeinschaft und Verehrung der Heiligen (1987) (Beintker, Horst, 1918 - 2012)
Gemeinschaft und Verehrung der Heiligen (1992) (Wendebourg, Dorothea, 1952 -)
Standardized Subjects / Keyword chains:B Saint
B Saints
B Communion of saints (motif) / Veneration / Hagiography / Saints
Further subjects:B Saints
B Hagiography
B Thesis
B Saint
Online Access: Table of Contents

MARC

LEADER 00000cam a2200000 c 4500
001 1620836327
003 DE-627
005 20251225202050.0
007 tu
008 860708s1986 gw ||||| m 00| ||ger c
015 |a 86,A34,0200  |2 dnb 
016 7 |a 860443310  |2 DE-101 
020 |a 3451205432  |9 3-451-20543-2 
035 |a (DE-627)1620836327 
035 |a (DE-603)004802241 
035 |a (DE-576)011926341 
035 |a (DE-599)DNB860443310 
035 |a (OCoLC)246440172 
035 |a (OCoLC)1043845100 
035 |a (AT-OBV)AC01056384 
040 |a DE-627  |b ger  |c DE-627  |e rakwb 
041 |a ger 
044 |c XA-DE  |c XA-CH  |c XA-AT 
082 0 |a 235.2  |2 DDC19oclc 
084 |a 12  |2 sdnb 
084 |a BO 1800  |2 rvk  |0 (DE-625)rvk/14033: 
084 |a BN 7500  |2 rvk  |0 (DE-625)rvk/13827: 
084 |a BS 4460  |2 rvk  |0 (DE-625)rvk/16370: 
100 1 |0 (DE-588)120780771  |0 (DE-627)080884431  |0 (DE-576)162313217  |4 aut  |a Müller, Gerhard Ludwig  |d 1947- 
109 |a Müller, Gerhard Ludwig 1947-  |a Müller, Gerhard L. 1947-  |a Müller, Gerhard Ludwig Kardinal, Erzbischof, Theologe 1947-  |a Müller, Gerhard 1947-  |a Müller, Gerhard Kardinal, Erzbischof, Theologe 1947-  |a Gerhard Kardinal Müller 1947- 
245 1 0 |a Gemeinschaft und Verehrung der Heiligen  |b geschichtlich-systematische Grundlegung der Hagiologie  |c Gerhard Ludwig Müller 
264 1 |a Freiburg im Breisgau  |a Basel  |a Wien  |b Herder  |c 1986 
300 |a 368 S. 
336 |a Text  |b txt  |2 rdacontent 
337 |a ohne Hilfsmittel zu benutzen  |b n  |2 rdamedia 
338 |a Band  |b nc  |2 rdacarrier 
500 |a Literaturverz. S. 347 - 362 
502 |a Zugl.: Freiburg i. Br., Univ., Habil.-Schr., 1985 
583 1 |a Archivierung/Langzeitarchivierung gewährleistet  |f PEBW  |x XA-DE-BW  |2 pdager  |5 DE-31 
583 1 |a Archivierung/Langzeitarchivierung gewährleistet  |c 20211220  |f SLG  |x XA-DE-BW  |z Provenienz  |2 pdager  |5 DE-25 
583 1 |a Archivierung/Langzeitarchivierung gewährleistet  |c 20211022  |f SLG  |x XA-DE-BW  |z Buchnachlass  |2 pdager  |5 DE-25 
583 1 |a Archivierung/Langzeitarchivierung gewährleistet  |f SSG  |x XA-DE-BW  |2 pdager  |5 DE-21 
601 |a Gemeinschaft 
650 0 7 |0 (DE-588)4024055-1  |0 (DE-627)106300520  |0 (DE-576)208952926  |a Heiliger  |2 gnd 
650 0 7 |0 (DE-588)4024052-6  |0 (DE-627)106300547  |0 (DE-576)20895290X  |a Heiligenverehrung  |2 gnd 
650 0 7 |0 (DE-588)4022930-0  |0 (DE-627)104682906  |0 (DE-576)208946535  |a Hagiografie  |2 gnd 
655 7 |a Hochschulschrift  |0 (DE-588)4113937-9  |0 (DE-627)105825778  |0 (DE-576)209480580  |2 gnd-content 
689 0 0 |d s  |0 (DE-588)4024055-1  |0 (DE-627)106300520  |0 (DE-576)208952926  |2 gnd  |a Heiliger 
689 0 |5 DE-101 
689 1 0 |d s  |0 (DE-588)4024052-6  |0 (DE-627)106300547  |0 (DE-576)20895290X  |2 gnd  |a Heiligenverehrung 
689 1 |5 DE-101 
689 2 0 |d s  |0 (DE-588)4156547-2  |0 (DE-627)105507563  |0 (DE-576)209827661  |2 gnd  |a Gemeinschaft der Heiligen 
689 2 1 |d s  |0 (DE-588)4187640-4  |0 (DE-627)105270601  |0 (DE-576)210047143  |2 gnd  |a Verehrung 
689 2 2 |d s  |0 (DE-588)4022930-0  |0 (DE-627)104682906  |0 (DE-576)208946535  |2 gnd  |a Hagiografie 
689 2 3 |d s  |0 (DE-588)4024052-6  |0 (DE-627)106300547  |0 (DE-576)20895290X  |2 gnd  |a Heiligenverehrung 
689 2 |5 (DE-627) 
751 |a Freiburg im Breisgau  |0 (DE-588)4018272-1  |0 (DE-627)106326686  |0 (DE-576)208923535  |4 uvp 
787 0 8 |i Rezensiert in  |a Beintker, Horst, 1918 - 2012  |t Müller, Gerhard Ludwig, Gemeinschaft und Verehrung der Heiligen  |d 1987  |w (DE-627)1453595929  |w (DE-576)383595924 
787 0 8 |i Rezensiert in  |a Beintker, Horst, 1918 - 2012  |t Müller, Gerhard Ludwig, Gemeinschaft und Verehrung der Heiligen  |d 1987  |w (DE-627)1521105154  |w (DE-576)45110515X 
787 0 8 |i Rezensiert in  |a Wendebourg, Dorothea, 1952 -   |t Gemeinschaft und Verehrung der Heiligen  |d 1992  |w (DE-627)1534102906  |w (DE-576)464102901 
856 4 2 |u http://d-nb.info/860443310/04  |m B:DE-101  |q application/pdf  |v 20130501  |x Verlag  |3 Inhaltsverzeichnis  |7 1 
889 |w (DE-627)013599682 
889 |w (DE-627)273186620 
935 |a mteo 
935 |i mdedup 
936 r v |a BO 1800  |b Allgemeines  |k Theologie und Religionswissenschaften  |k Patrologie und Kirchengeschichte  |k Kirchengeschichte nach Sachgebieten  |k Hagiographie  |k Quellen  |k Allgemeines  |0 (DE-627)1270744038  |0 (DE-625)rvk/14033:  |0 (DE-576)200744038 
936 r v |a BN 7500  |b Die Heiligen, Heiligenverehrung  |k Theologie und Religionswissenschaften  |k Dogmatik und Dogmengeschichte  |k Spezielle Dogmatik  |k Gnadenlehre  |k Systematische Einzelfragen  |k Die Heiligen, Heiligenverehrung  |0 (DE-627)1270741675  |0 (DE-625)rvk/13827:  |0 (DE-576)200741675 
936 r v |a BS 4460  |b Heiligenfeste, Heiligenverehrung  |k Theologie und Religionswissenschaften  |k Liturgiewissenschaft  |k Spezielle Liturgik  |k Das liturgische Jahr  |k Darstellungen  |k Einzeldarstellungen  |k Heiligenfeste, Heiligenverehrung  |0 (DE-627)1270757601  |0 (DE-625)rvk/16370:  |0 (DE-576)200757601 
951 |a BO 
ELC |b 1 
ITA |a 1  |t 1 
LOK |0 000 xxxxxcx a22 zn 4500 
LOK |0 001 3236281626 
LOK |0 003 DE-627 
LOK |0 004 1620836327 
LOK |0 005 20010116000000 
LOK |0 008 910618||||||||||||||||ger||||||| 
LOK |0 040   |a DE-21  |c DE-627  |d DE-21 
LOK |0 852   |a DE-21 
LOK |0 852 1  |c 26 A 11350  |9 00 
LOK |0 935   |a kram  |a konv 
LOK |0 939   |a 18-06-91  |b l01 
LOK |0 000 xxxxxcx a22 zn 4500 
LOK |0 001 3236281693 
LOK |0 003 DE-627 
LOK |0 004 1620836327 
LOK |0 005 20090807152220 
LOK |0 008 940629||||||||||||||||ger||||||| 
LOK |0 040   |a DE-21-31  |c DE-627  |d DE-21-31 
LOK |0 541   |e 58579 
LOK |0 852   |a DE-21-31 
LOK |0 852 1  |c Pg VI a 17  |m p  |9 00 
LOK |0 852 2  |b Magazin  |9 00 
LOK |0 866   |x 1.Exemplar 
LOK |0 938   |k p 
LOK |0 939   |a 29-06-94  |b l01 
LOK |0 000 xxxxxcx a22 zn 4500 
LOK |0 001 3236281715 
LOK |0 003 DE-627 
LOK |0 004 1620836327 
LOK |0 005 20090807152344 
LOK |0 008 090807||||||||||||||||ger||||||| 
LOK |0 040   |a DE-21-31  |c DE-627  |d DE-21-31 
LOK |0 541   |e 59071 
LOK |0 852   |a DE-21-31 
LOK |0 852 1  |c Pg VI a 17  |m p  |9 00 
LOK |0 852 2  |b Magazin  |9 00 
LOK |0 866   |x 2.Exemplar 
LOK |0 938   |k p 
LOK |0 939   |a 07-08-09  |b l02 
ORI |a SA-MARC-ixtheoa001.raw 
STA 0 0 |a Communion of saints (motif),Communion of saints,Communio sanctorum,Hagiography,Hagiology,Hagiography,Saint,Saint,Saints in art,Christian saints in literature,Christian saints in art,Saints,Saints,Veneration of saints,Veneration,Reverence 
STB 0 0 |a Adoration,Vénération,Vénération,Communion des saints (motif),Communion des saints,Culte des saints,Dulie,Dulie,Hagiographie chrétienne,Hagiographie,Saint,Saint 
STC 0 0 |a Comunión de los santos,Culto a los santos,Hagiografía,Santo,Santo,Santos cristianos,Veneración,Adoración,Adoración 
STD 0 0 |a Agiografia,Comunione dei santi,Santo,Santo,Venerazione,Venerazione dei santi 
STE 0 0 |a 圣人,圣人,圣徒,圣徒,圣徒传记,圣徒相通,诸圣相通,敬奉,崇拜,敬奉,敬礼 
STF 0 0 |a 敬奉,崇拜,敬奉,敬禮,聖人,聖人,聖徒,聖徒,聖徒傳記,聖徒相通,諸聖相通 
STG 0 0 |a Comunhão dos santos,Culto aos santos,Hagiografia,Santo,Santo,Veneração,Adoração,Adoração 
STH 0 0 |a Агиография,Единство святых,Поклонение святым,Почтение,Святой (мотив),Святой 
STI 0 0 |a Άγιος (μοτίβο),Άγιος,Αγιογραφία,Κοινότητα των Αγίων,Λατρεία των αγίων,Λατρεία,Σεβασμός 
SYE 0 0 |a Nothelfer , Hagiodulie,Heiligenkult,Heiliger , Hagiographie,Hagiologie 
SYG 0 0 |a Nothelfer , Hagiodulie,Heiligenkult,Heiliger , Communio Sanctorum , Hagiographie,Hagiologie , Hagiodulie,Heiligenkult,Heiliger